Biggest cities by european countries - Statistics

General Stats
  • This quiz has been taken 23 times
  • The average score is 74 of 126
Answer Stats
Hint % Correct
Russia Moscow
100%
France Paris
100%
Russia Saint Petersburg
100%
Netherlands Amsterdam
95%
Greece Athens
95%
Montenegro Bar
95%
Belgium Brussels
95%
Romania Bucharest
95%
Hungary Budapest
95%
Denmark Copenhagen
95%
Ireland Dublin
95%
Finland Helsinki
95%
Portugal Lisbon
95%
United Kingdom London
95%
Italy Milan
95%
Germany Munich
95%
Italy Naples
95%
Norway Oslo
95%
Czech Republic Prague
95%
Latvia Riga
95%
Italy Rome
95%
Bulgaria Sofia
95%
Austria Vienna
95%
Poland Warsaw
95%
Spain Barcelona
89%
Serbia Belgrade
89%
Germany Berlin
89%
United Kingdom Birmingham
89%
Slovakia Bratislava
89%
Germany Hamburg
89%
Luxembourg Luxembourg City
89%
France Lyon
89%
Spain Madrid
89%
United Kingdom Manchester
89%
France Marseille
89%
Belarus Minsk
89%
Iceland Reykjavík
89%
Sweden Stockholm
89%
Estonia Tallinn
89%
Croatia Zagreb
89%
Andorra Andorra la Vella
84%
Moldova Chișinău
84%
Cyprus Nicosia
84%
Portugal Porto
84%
Netherlands Rotterdam
84%
Bosnia and Herzegovina Sarajevo
84%
North Macedonia Skopje
84%
Malta Valletta
84%
Switzerland Zurich
84%
Ireland Cork
79%
Switzerland Geneva
79%
Sweden Malmö
79%
Kosovo Pristina
79%
Netherlands The Hague
79%
Greece Thessaloniki
79%
Albania Tirana
79%
Spain Valencia
79%
Lithuania Vilnius
79%
Belgium Antwerp
74%
Switzerland Basel
74%
Norway Bergen
74%
Poland Kraków
74%
Slovenia Ljubljana
74%
Georgia Tbilisi
74%
Sweden Gothenburg
68%
Montenegro Podgorica
68%
Denmark Aarhus
63%
Czech Republic Brno
58%
Romania Cluj-Napoca
58%
Ireland Limerick
58%
Austria Graz
53%
Poland Łódź
53%
Croatia Split
53%
Bosnia and Herzegovina Banja Luka
47%
Austria Linz
47%
Russia Novosibirsk
47%
Czech Republic Ostrava
47%
Moldova Tiraspol
47%
Norway Trondheim
47%
Bulgaria Varna
47%
Belgium Ghent
42%
Lithuania Kaunas
42%
Slovakia Košice
42%
Slovenia Maribor
42%
Estonia Tartu
42%
Finland Espoo
37%
Cyprus Limassol
37%
Serbia Novi Sad
37%
Bulgaria Plovdiv
37%
Albania Durrës
32%
Cyprus Larnaca
32%
Denmark Odense
32%
Finland Tampere
32%
Hungary Debrecen
26%
Lithuania Klaipėda
26%
Serbia Niš
26%
Greece Patras
26%
Croatia Rijeka
26%
Georgia Batumi
21%
Latvia Daugavpils
21%
Malta Mosta
21%
Luxembourg Esch-sur-Alzette
16%
Romania Iași
16%
Belarus Mogilev
16%
Malta Birkirkara
11%
Belarus Gomel
11%
Iceland Hafnarfjörður
11%
Georgia Kutaisi
11%
Estonia Narva
11%
Montenegro Nikšić
11%
Hungary Szeged
11%
Bosnia and Herzegovina Tuzla
11%
Albania Vlorë
11%
Moldova Bălți
5%
North Macedonia Bitola
5%
Slovenia Celje
5%
Luxembourg Differdange
5%
Iceland Kópavogur
5%
North Macedonia Kumanovo
5%
Latvia Liepāja
5%
Slovakia Prešov
5%
Kosovo Prizren
5%
Portugal Vila Nova de Gaia
5%
Andorra Encamp
0%
Andorra Escaldes-Engordany
0%
Kosovo Peja
0%
No matching quizzes found
Score Distribution
Percent of People with Each Score
Percentile by Number Answered
Your Score History
You have not taken this quiz